00777nam a22002177a 4500003000200000005001700002008004100019020002200060050002300082100002500105245005800130250001800188260004100206300004200247500002600289504006400315650002600379942001200405999001900417952012300436020230914112809.0230914b xxu||||| |||| 00| 0 eng d a978-1-975184-80-3 aRC 440 b.V53 2023 aVidebeck, Sheila L.  aPsychiatric-mental health nursingcSheila L. Videbeck aNinth edition aPhiladelphiabWolters Kluwercc2023. axv, 525 pages :bcol. ill. ; c28cm.  aPsychiatric nursing.  aIncludes bibliographical references, glossary, and index.  aPsychiatric nursing.  2lcccBK c365304d365304 00102lcc40aCLbCLcRESd2023-09-14eLibrary Fundl0oRC 440 .V53 2023pC23009r2023-09-14 00:00:00w2023-09-14yBK